Deutsche Städte mit "N" - Statistiken

Allgemein
  • Dieses Quiz wurde 145 mal gespielt
  • Das Durchschnittsergebnis liegt bei 35 aus 97
Antwortstatistiken
Bundesland Stadt % Korrekt
Bayern Nürnberg
94%
Neustadt Neustadt
90%
Sachsen Neustadt
90%
Bayern Neustadt am Kulm
90%
Niedersachsen Neustadt am Rübenberge
90%
Bayern Neustadt an der Aisch
90%
Bayern Neustadt an der Donau
90%
Thüringen Neustadt an der Orla
90%
Bayern Neustadt an der Waldnaab
90%
Rheinland-Pfalz Neustadt an der Weinstraße
90%
Bayern Neustadt bei Coburg
90%
Brandenburg Neustadt (Dosse)
90%
Mecklenburg-Vorpommern Neustadt-Glewe
90%
Schleswig-Holstein Neustadt in Holstein
90%
Nordrhein-Westfalen Neuss
84%
Hessen Naumburg
69%
Sachsen-Anhalt Naumburg (Saale)
69%
Niedersachsen Norden
69%
Bayern Neuburg an der Donau
66%
Saarland Neunkirchen
66%
Niedersachsen Nienburg/Weser
66%
Sachsen-Anhalt Nienburg (Saale)
64%
Thüringen Nordhausen
64%
Baden-Württemberg Nürtingen
63%
Schleswig-Holstein Neumünster
62%
Thüringen Neumark
61%
Bayern Neumarkt in der Oberpfalz
55%
Bayern Neumarkt-Sankt Veit
55%
Schleswig-Holstein Norderstedt
55%
Mecklenburg-Vorpommern Neubrandenburg
52%
Bayern Neu-Ulm
52%
Niedersachsen Northeim
52%
Brandenburg Nauen
49%
Rheinland-Pfalz Neuwied
49%
Hessen Neukirchen
47%
Nordrhein-Westfalen Neukirchen-Vluyn
47%
Baden-Württemberg Nagold
46%
Niedersachsen Nordhorn
46%
Mecklenburg-Vorpommern Neustrelitz
44%
Bayern Nördlingen
43%
Baden-Württemberg Neuenbürg
41%
Baden-Württemberg Neuenburg am Rhein
41%
Nordrhein-Westfalen Nettetal
38%
Thüringen Neuhaus am Rennweg
38%
Hessen Nidda
34%
Sachsen Nossen
34%
Baden-Württemberg Neuenstadt am Kocher
32%
Niedersachsen Norderney
30%
Baden-Württemberg Neckarsulm
29%
Sachsen Niesky
28%
Sachsen Naunhof
26%
Hessen Neu-Isenburg
25%
Bayern Nabburg
24%
Rheinland-Pfalz Nassau
24%
Sachsen-Anhalt Nebra (Unstrut)
23%
Brandenburg Neuruppin
23%
Niedersachsen Neuenhaus
22%
Bayern Naila
18%
Niedersachsen Nordenham
18%
Hessen Neckarsteinach
15%
Sachsen Neusalza-Spremberg
14%
Hessen Niddatal
14%
Nordrhein-Westfalen Niederkassel
13%
Baden-Württemberg Neckargemünd
11%
Schleswig-Holstein Niebüll
10%
Sachsen Netzschkau
9%
Baden-Württemberg Neuenstein
9%
Bayern Neunburg vorm Wald
9%
Rheinland-Pfalz Nieder-Olm
9%
Baden-Württemberg Neuffen
8%
Nordrhein-Westfalen Netphen
7%
Nordrhein-Westfalen Neuenrade
7%
Bayern Neusäß
7%
Hessen Nidderau
7%
Nordrhein-Westfalen Nieheim
7%
Rheinland-Pfalz Nierstein
7%
Nordrhein-Westfalen Nideggen
6%
Bayern Nittenau
6%
Bayern Neuötting
5%
Hessen Neu-Anspach
3%
Hessen Niedenstein
3%
Rheinland-Pfalz Nastätten
2%
Baden-Württemberg Neckarbischofsheim
2%
Baden-Württemberg Neresheim
2%
Baden-Württemberg Neubulach
2%
Baden-Württemberg Neudenau
2%
Mecklenburg-Vorpommern Neukloster
2%
Baden-Württemberg Niederstetten
2%
Baden-Württemberg Niederstotzingen
2%
Schleswig-Holstein Nortorf
2%
Rheinland-Pfalz Neuerburg
1%
Mecklenburg-Vorpommern Neukalen
1%
Mecklenburg-Vorpommern Neubukow
0%
Bayern Neutraubling
0%
Baden-Württemberg Niedernhall
0%
Brandenburg Niemegk
0%
Thüringen Nottertal-Heilinger Höhen
0%
Keine übereinstimmenden Quizze gefunden
Verteilung der Resultate
Anzahl Personen mit jedem Resultat
Perzentil nach korrekt beantworteten Fragen
Ihre Resultats-Entwicklung
Sie haben dieses Quiz noch nicht gespielt